Born in Regina - Statistics

General Stats
  • This quiz has been taken 9 times
    7 since last reset
  • The average score is 4 of 6
Answer Stats
Hint Answer % Correct
Actor, "Airplane!" "The Naked Gun" "Police Squad!" 1926 Leslie Nielsen
100%
Model and mother of one of the richest men in the world 1948 Maye Musk
67%
Actress, best known for her role as Jennifer Walters/She-Hulk 1985 Tatiana Maslany
67%
Ice hockey right winger and alternate captain of the Seattle Kraken 1990 Jordan Eberle
50%
Snowboarder, three-time Olympic bronze medalist and winner of ten X Games gold medals 1993 Mark McMorris
50%
Former ice hockey centre who played his entire career for the Anaheim Ducks 1985 Ryan Getzlaf
50%
No matching quizzes found
Score Distribution
Percent of People with Each Score
Percentile by Number Answered
Your Score History
You have not taken this quiz since the last reset